000 01198nam0a22002531 4500
001 rc\4080453
005 20130415154624.1
035 _a(NLR Aleph) 007968396
090 _a8443674
_c8443674
100 _a20130415d1954 |||y0rusy50 ca
101 0 _arus
102 _aRU
105 _ay z |||||
200 1 _aСостояние и задачи рыбохозяйственного изучения вод КФССР в работах Карело-Финского госуниверситета
_e(Тезисы доклада)
_fКарело-Фин. филиал Акад. наук СССР. Координационное совещание по вопросам гидрологии и водного хозяйства Карело-Фин. ССР
210 _aПетрозаводск
_cБ. и.
_d[1954]
215 _a2 с.
_d20
300 _aБез тит. л. и обл.
300 _aПеред загл. авт.: В.Г. Мельянцев, канд. биол. наук, доц.
700 1 _aМельянцев
_bВ. Г.
_f1913-
_gВасилий Георгиевич
801 0 _aRU
_bNLR
_gpsbo
801 1 _aRU
_bELAR
_2rusmarc
852 _aNLR
_jС90 Г-4/2344
942 _cBOOK
980 _aNB